| 000 | 00423nam a2200181Ia 4500 | ||
|---|---|---|---|
| 008 | 210210b1959 xxu||||| |||| 00| 0 eng d | ||
| 041 | _aeng | ||
| 082 | _a825/317 | ||
| 100 | _aEMDEN (Cecil S) | ||
| 245 | _aPoets in their letters | ||
| 260 |
_aLondon _bOxford University Press _c1959 |
||
| 650 | _atheir | ||
| 650 | _aPoets | ||
| 650 | _aletters | ||
| 650 | _ain | ||
| 690 | _aEnglish Criticism | ||
| 906 | _a014634 | ||
| 999 |
_c133849 _d133849 |
||